Sunshine Coast suburbs with map - Statistics

General Stats
  • This quiz has been taken 79 times
  • The average score is 33 of 116
Answers on the Map
Answers color-coded by a green-red scale on the quiz's map according to % correct below.
 
Answer Stats
Suburb % Correct
Maroochydore
87%
Caloundra
81%
Mooloolaba
81%
Beerwah
71%
Nambour
71%
Buderim
63%
Coolum Beach
63%
Landsborough
63%
Glass House Mountains
62%
Maleny
62%
Sippy Downs
60%
Beerburrum
58%
Woombye
56%
Eumundi
54%
Montville
54%
Palmwoods
54%
Pelican Waters
54%
Bli Bli
52%
Mountain Creek
52%
Golden Beach
48%
Kings Beach
48%
Alexandra Headland
46%
Caloundra West
46%
Dicky Beach
46%
Moffat Beach
46%
Currimundi
44%
Marcoola
44%
Wurtulla
44%
Yandina
44%
Birtinya
42%
Little Mountain
42%
Eudlo
40%
Bokarina
38%
Kenilworth
38%
Mooloolah Valley
38%
Peregian Beach
38%
Palmview
37%
Baringa
35%
Mapleton
35%
Mudjimba
35%
Warana
35%
Buddina
33%
Coochin Creek
33%
Mount Coolum
33%
Flaxton
31%
Minyama
31%
Parrearra
31%
Bald Knob
29%
Glenview
29%
Peachester
29%
Shelly Beach
29%
Twin Waters
29%
Conondale
27%
Nirimba
27%
Peregian Springs
27%
West Woombye
27%
Aroona
25%
Meridan Plains
25%
Bells Creek
23%
Ilkley
23%
Tanawha
23%
Battery Hill
21%
Burnside
21%
Doonan
21%
Mons
21%
Kuluin
19%
Yaroomba
19%
Banya
17%
Chevallum
17%
Forest Glen
17%
Hunchy
17%
Kunda Park
17%
Ninderry
17%
North Arm
17%
North Maleny
17%
Point Arkwright
17%
Pacific Paradise
15%
Rosemount
15%
Witta
15%
Cambroon
13%
Diddillibah
13%
Eerwah Vale
13%
Obi Obi
13%
Verrierdale
13%
Belli Park
12%
Bridges
12%
Kidaman Creek
12%
Kiels Mountain
12%
Kulangoor
12%
Maroochy River
12%
Mount Mellum
12%
Booroobin
10%
Cooloolabin
10%
Gheerulla
10%
Image Flat
10%
Landers Shoot
10%
Parklands
10%
Valdora
10%
Balmoral Ridge
8%
Crohamhurst
8%
Diamond Valley
8%
Dulong
8%
Gagalba
8%
Highworth
8%
Perwillowen
8%
Wootha
8%
Yandina Creek
8%
Curramore
6%
Kiamba
6%
Kureelpa
6%
Coes Creek
4%
Reesville
4%
Weyba Downs
4%
Coolabine
2%
Elaman Creek
2%
Towen Mountain
2%
No matching quizzes found
Score Distribution
Percent of People with Each Score
Percentile by Number Answered
Your Score History
You have not taken this quiz